header

Valid analytical methods and procedures (Record no. 50793)

MARC details
000 -LEADER
fixed length control field 01134nam a2200289 a 4500
100 1# - MAIN ENTRY--AUTHOR NAME
Personal name Burgess, Christopher.
245 10 - TITLE STATEMENT
Title Valid analytical methods and procedures
260 ## - PUBLICATION, DISTRIBUTION, ETC. (IMPRINT)
Place of publication Cambridge :
Name of publisher Royal Society of Chemistry,
Year of publication 2000.
300 ## - PHYSICAL DESCRIPTION
Number of Pages viii, 87 p. :
Other physical details ill.
650 #0 - SUBJECT ADDED ENTRY--TOPICAL TERM
Topical Term Chemistry, Analytic
856 40 - ELECTRONIC LOCATION AND ACCESS
Uniform Resource Identifier http://site.ebrary.com/lib/rucke/Doc?id=10626349

No items available.

© 2026 Rongo University
Contact us: librarian | system librarian | Rongo university